000 00325nam a2200133Ia 4500
008 240624s9999 xx 000 0 und d
041 _aeng
082 _a658.4092 PIR
100 _aPIRAMAL GITA
245 _aBUSINESS LEGENDS
260 _c1999
_aNew Delhi
_bPenguin Books
300 _axi, : 654 : p. : cm. ; 22
365 _cRS
999 _c3575
_d3575